000
00319nam a2200109Ia 4500
008
171204s9999 xx 000 0 und d
245
_a
Bioethics: Medical, Ethical and Legal Perspectives:
245
_c
Peter A. Clark
260
_c
2016
650
_x
Bioethics
856
_u
http://down.ebook777.com/058/9789535128472.pdf
999
_c
346365
_d
346365